{"text_format":"3","workbook":"xls","n_sheets":1,"sheets":["F.1.1 分部分项工程和单价措施项目清单与计价表(表-08~"],"read":"whole","date_system":"1900","formulas":"cached_only"}

{"sheet":"F.1.1 分部分项工程和单价措施项目清单与计价表(表-08~","index":0,"n_rows":31,"n_cols":12,"rows_kept":31,"merged":[[0,0,0,9],[1,0,1,1],[1,2,1,6],[1,7,1,8],[2,0,4,0],[2,1,4,2],[2,3,4,3],[2,4,4,4],[2,5,4,5],[2,6,4,7],[2,8,4,8],[2,9,4,9],[2,10,4,10],[2,11,4,11],[5,1,5,2],[5,6,5,7],[6,1,6,2],[6,6,6,7],[7,1,7,2],[7,6,7,7],[8,1,8,2],[8,6,8,7],[9,1,9,2],[9,6,9,7],[10,1,10,2],[10,6,10,7],[11,1,11,2],[11,6,11,7],[12,1,12,2],[12,6,12,7],[13,1,13,2],[13,6,13,7],[14,1,14,2],[14,6,14,7],[15,1,15,2],[15,6,15,7],[16,1,16,2],[16,6,16,7],[17,1,17,2],[17,6,17,7],[18,1,18,2],[18,6,18,7],[19,1,19,2],[19,6,19,7],[20,1,20,2],[20,6,20,7],[21,1,21,2],[21,6,21,7],[22,1,22,2],[22,6,22,7],[23,1,23,2],[23,6,23,7],[24,1,24,2],[24,6,24,7],[25,1,25,2],[25,6,25,7],[26,0,26,9],[27,0,27,9],[28,0,28,9],[29,0,29,4],[29,5,29,11],[30,0,32,11]],"flags":["formulas_cached_only"]}
["分部分项工程和单价措施项目清单控制价（不含税）","","","","","","",""]
["工程名称：","","四川省区域应急救援雅安基地项目\\8#直升机停机库【建筑与装饰工程】","","","","","标段："]
["序号","项目编码","","项目名称","项目特征","计量\r\n单位","工程\r\n量","","控制价（单价）","控制价（合价）","不含税报价单价（元）","不含税金额合计（元）"]
["","","","","","","",""]
["","","","","","","",""]
[1,10516002021,"","预埋锚栓","1.钢材种类：Q235B\r\n2.规格：M24\r\n3.铁件尺寸：综合\r\n4.油漆：外露部位按照规范及图纸要求刷漆等表面处理\r\n5.其他：满足设计及规范要求","套",36,"",18.52,666.72]
[2,10602001024,"","钢架 Q355B","1.成品钢桁架（含抛丸或者喷砂除锈,涂防锈漆、底漆）\r\n2.钢材品种:型钢综合 Q355B\r\n3.螺栓种类:普通螺栓和高强螺栓包含在投标报价中\r\n4.探伤要求:满足现行施工验收规范及招标技术要求\r\n5.除锈要求:主要构件表面抛丸或者喷砂除锈达到设计及规范要求，其余构件除锈达到设计及规范要求\r\n6.油漆品种:防火涂料满足设计及规范要求\r\n7.场内场外运输费用及吊装费用综合考虑在综合单价中\r\n8.含连接件等零星构件","t",19.121,"",10129.96,193694.97]
[3,10606001025,"","钢性系杆 Q235B","1.钢性系杆（含抛丸或者喷砂除锈,涂防锈漆、底漆）\r\n2.钢材品种:型钢综合 Q235B\r\n3.螺栓种类:普通螺栓和高强螺栓包含在投标报价中\r\n4.探伤要求:满足现行施工验收规范及招标技术要求\r\n5.除锈要求:主要构件表面抛丸或者喷砂除锈达到设计及规范要求，其余构件除锈达到设计及规范要求\r\n6.油漆品种:防火涂料满足设计及规范要求\r\n7.场内场外运输费用及吊装费用综合考虑在综合单价中","t",1.805,"",7495.41,13529.22]
[4,10606002026,"","钢檩条 Q235B","1.钢檩条（含抛丸或者喷砂除锈,涂防锈漆、底漆）\r\n2.钢材品种:型钢综合 Q235B\r\n3.螺栓种类:普通螺栓和高强螺栓包含在投标报价中\r\n4.探伤要求:满足现行施工验收规范及招标技术要求\r\n5.除锈要求:主要构件表面抛丸或者喷砂除锈达到设计及规范要求，其余构件除锈达到设计及规范要求\r\n6.油漆品种:防火涂料满足设计及规范要求\r\n7.场内场外运输费用及吊装费用综合考虑在综合单价中","t",11.553,"",9345.12,107964.17]
[5,10606001027,"","钢支撑 Q235B","1.钢支撑含抛丸或者喷砂除锈,涂防锈漆、底漆）\r\n2.钢材品种:型钢综合 Q235B\r\n3.螺栓种类:普通螺栓和高强螺栓包含在投标报价中\r\n4.探伤要求:满足现行施工验收规范及招标技术要求\r\n5.除锈要求:主要构件表面抛丸或者喷砂除锈达到设计及规范要求，其余构件除锈达到设计及规范要求\r\n6.油漆品种:防火涂料满足设计及规范要求\r\n7.场内场外运输费用及吊装费用综合考虑在综合单价中","t",0.487,"",7291.73,3551.07]
[6,10606002028,"","钢拉条、隅撑 Q235B","1.钢拉条、隅撑（含抛丸或者喷砂除锈,涂防锈漆、底漆）\r\n2.钢材品种:型钢综合 Q235B\r\n3.螺栓种类:普通螺栓和高强螺栓包含在投标报价中\r\n4.探伤要求:满足现行施工验收规范及招标技术要求\r\n5.除锈要求:主要构件表面抛丸或者喷砂除锈达到设计及规范要求，其余构件除锈达到设计及规范要求\r\n6.油漆品种:防火涂料满足设计及规范要求\r\n7.场内场外运输费用及吊装费用综合考虑在综合单价中","t",2.029,"",7777.66,15780.87]
[7,10606013029,"","撑杆 Q235B","1.撑杆（含抛丸或者喷砂除锈,涂防锈漆、底漆）\r\n2.钢材品种:型钢综合 Q235B\r\n3.螺栓种类:普通螺栓和高强螺栓包含在投标报价中\r\n4.探伤要求:满足现行施工验收规范及招标技术要求\r\n5.除锈要求:主要构件表面抛丸或者喷砂除锈达到设计及规范要求，其余构件除锈达到设计及规范要求\r\n6.油漆品种:防火涂料满足设计及规范要求\r\n7.场内场外运输费用及吊装费用综合考虑在综合单价中","t",0.066,"",{"v":7486.6,"d":"7486.60"},494.12]
[8,10606013030,"","撑杆套筒","1.撑杆套筒（含抛丸或者喷砂除锈,涂防锈漆、底漆）\r\n2.钢材品种:型钢综合 Q235B\r\n3.除锈要求:主要构件表面抛丸或者喷砂除锈达到设计及规范要求，其余构件除锈达到设计及规范要求\r\n4.油漆品种:防火涂料满足设计及规范要求\r\n5.场内场外运输费用及吊装费用综合考虑在综合单价中","t",0.135,"",8379.25,{"v":1131.2,"d":"1131.20"}]
[9,11405001031,"","金属面油漆（中间漆）","1.构件名称：所有钢构件 \r\n2.油漆品种、刷漆遍数：环氧云铁中间漆75μm","t",19.121,"",2043.59,39075.48]
[10,11405001032,"","金属面油漆（面漆）","1.构件名称：所有钢构件 \r\n2.油漆品种、刷漆遍数：面漆环氧清漆70μm","t",19.121,"",1935.62,37010.99]
[11,31001006001,"","排水普通型UPVC管 DN100","1.名称：排水普通型UPVC管\r\n2.介质:（污水/废水/通气）\r\n3.材质、规格：普通型UPVC管 DN100\r\n4.连接形式：粘接\r\n5.管道敷设部位及方式：综合考虑\r\n6.管件：综合考虑,且含通气帽、伸缩节、检查口等\r\n7.通球、灌水试验按设计要求\r\n8.其他要求：满足相关标准图集、规范、设计及验收要求等","m",68,"",55.91,3801.88]
[12,31004014002,"","雨水漏斗 DN100","1.材质 :铸铁\r\n2.型号、规格 ：DN100\r\n3.安装方式：详设计","个",8,"",{"v":99.8,"d":"99.80"},{"v":798.4,"d":"798.40"}]
[13,10803002033,"","特级防火卷帘门","1.特级防火卷帘门门,门洞尺寸综合\r\n2.配套五金件（含闭门器、门锁）、锁具、门窗框与洞口缝隙的处理（发泡聚氨脂填塞等）和门窗框与涂料、面砖等装饰面的衔接处理（打胶等）等费用包含在综合单价中,电动装置另计\r\n3.门框和墙体间用发泡聚氨脂填塞,嵌缝膏嵌缝\r\n4.颜色及样式需满足业主要求,综合考虑\r\n5.门制作安装、防火性、隔声性、气密性、安全性及嵌缝、收口等均应满足设计及规范要求\r\n6.其他：应充分考虑满足招标文件、技术标准及要求、满足设计、规范、合同的要求","m2",72,"",208.04,14978.88]
[14,10803002034,"","特级防火卷帘门电动装置","1.部位：防火卷帘门\r\n2.电动装置、控制箱、启闭装置的费用包含在本综合单价中\r\n3.电动装置的规格、型号等综合，必须满足规范要求及招标技术要求\r\n4.防火卷帘门的费用另计\r\n5.清单工程量按电动装置的个数进行计算\r\n6.其他：应充分考虑满足招标文件、技术标准及要求、满足设计、规范、合同的要求","套",1,"",{"v":1714.1,"d":"1714.10"},{"v":1714.1,"d":"1714.10"}]
[15,10801004035,"","甲级木制防火门","1.门类型:甲级 木质防火门\r\n2.计量规则:按洞口尺寸以面积进行计量\r\n3.开启方式:综合，防火墙和公共走廊上疏散用的平开防火门设闭门器和防火铰链，双扇平开防火门安装闭门器和顺序器，常开防火门需安装信号控制关闭和反馈装置，管井检修门应安装暗藏式插销以防误开\r\n4.其他:五金配件（含闭门器、门锁）、紧固件、密封材料、发泡剂、埋件、连接件、油漆等包括在综合单价中，门窗安装应满足其强度、热工、声学及安全性等技术要求\r\n5.运输综合考虑\r\n6.其他：应充分考虑满足招标文件、技术标准及要求、满足设计、规范、合同的要求","m2",15.36,"",432.07,{"v":6636.6,"d":"6636.60"}]
[16,10807001037,"","断桥铝合金固定窗(6中透光LOW-E+12A+6透明)","1.尺寸：综合\r\n2.开启方式：固定窗\r\n3.型材类型：断桥铝合金固定窗，型材表面处理满足技术要求 \r\n4.玻璃：6mmLow-e+12Ar+6中空玻璃，安全玻璃满足技术要求；有视线干扰的卫生间的部位，玻璃面磨砂处理\r\n5.执手等等五金配件、紧固件、密封材料、发泡剂、埋件、连接件等辅材包括在综合单价中，强度、抗风性、水密性、平整度等技术要求均应达到国家有关规定\r\n6.嵌缝、塞口材料种类：综合                                                \r\n7.其它满足现行施工验收规范及本工程招标技术要求","m2",43.2,"",455.07,19659.02]
[17,10605001022,"","压型钢板屋面","1、0.5mm厚720型彩钢压型屋面板\r\n2、100mm厚岩棉板，（容重为100kg/m³）\r\n3、0.5mm厚750型彩钢压型持力板\r\n4、屋脊板及附件 综合\r\n5、泛水收边件 综合\r\n6、螺栓及附件:综合\r\n ","m2",684.6,"",182.05,124631.43]
[18,10605002023,"","压型钢板墙面","外墙做法：（外墙标高1200以上）\r\n1、0.5mm厚900型灰色压型彩钢板\r\n2、内填100厚岩棉，（容重为100kg/m³）\r\n3、0.5mm厚900型灰色压型彩钢板\r\n4、收边件 综合\r\n5、螺栓及附件:综合 ","m2",736.6,"",150.15,110600.49]
[19,10606011035,"","钢板天沟","1.钢材品种、规格 ：3mm厚成品钢板天沟\r\n2.漏斗、天沟形式 ：详设计\r\n","t",3.69,"",5958.73,21987.71]
[20,11207001038,"","外墙面装饰板","1.龙骨材料种类、规格、中距 ：型钢综合\r\n2.面层材料品种、规格、颜色 ：成品压型钢板 0.5厚900型\r\n","m2",56,"",94.45,{"v":5289.2,"d":"5289.20"}]
[21,11703001063,"","垂直运输 檐高≤20m","1.建筑物建筑类型及结构形式：框架、框剪综合考虑\n2.建筑物檐口高度、层数：檐高≤20m（6层）\n3.其他：满足现行施工验收规范及招标技术要求","m2",724,"",15.48,11207.52]
["不含税合计（元）"]
["税率：",{"$nulls":9},"%"]
["含税合计（元）"]
["报价单位名称（加盖公章）：",{"$nulls":4},"联系人及联系电话："]
["注：本清单采用2013《建设工程工程量清单计价规范》进行编制。报价采用固定综合单价。分包单位根据清单及图纸自主综合考虑报价，报价保留小数点后两位。报价包含但不限于安装费用、检测费用、主材费用、辅材费用、耗材费用、损耗费用、运送费、二次搬运费、二次深化设计费用、卸车、人工费用、资料费、管理费、配合竣工验收、提供相关原材料合格证和生产配合比、、安全文明施工费、措施项目费、赶工费用、成品保护费、分包单位人员薪资和意外伤害保险费、工人食宿费用、分包单位合理利润、完工后清洁工作相关费用、不可预见费用等供应商一切直接和间接费用。至工程完工期间出现的人工、材料等费用的上涨，属于分包单位承担的风险范畴，价款均不予调整。具体金额以实际结算金额为准。"]